Taškář Ferrazzanu /

Hlavní autor: Cibula, Václav, 1925-2009
Další autoři: Nagaj, Vladimír, 1949-
Jazyk: Čeština
Vydáno: Praha : Albatros, 1985
Vydání: 1. vyd.
Edice: Korálky (Albatros)
Fyzický popis: 31 s.
Knihy
Uloženo v:
LEADER 00943nam a22002652a 4500
001 000188125
003 CZ BrMZK
005 20081030135739.0
007 ta
008 970107s1985 xr a f cze d
015 |a cnb000025052 
040 |a BOA001  |b cze 
080 9 |a 850-93=850(081) 
100 1 |a Cibula, Václav,  |d 1925-2009  |7 jk01020636  |4 aut 
245 1 0 |a Taškář Ferrazzanu /  |c na motivy italských pohádek napsal Václav Cibula ; ilustroval Vladimír Nagaj 
250 |a 1. vyd. 
260 |a Praha :  |b Albatros,  |c 1985 
300 |a 31 s. 
490 1 |a Korálky ;  |v sv. 146 
700 1 |a Nagaj, Vladimír,  |d 1949-  |7 jo2002105745  |4 ill 
830 0 |a Korálky (Albatros)  |0 s 
910 |a BOA001  |b PK-0099.978  |b 2-0888.100 
990 |a BK 
996 7 |b 2619286976  |c 2-0888.100  |l MZK  |r Sklad / do 1 hodiny  |n 0  |w 000188125  |u 000020  |a 1  |e BOA001  |j MZK50  |s A 
996 7 |b 3119948317  |c PK-0099.978  |l MZK  |r Sklad / do 1 hodiny  |n 1  |w 000188125  |u 000010  |a 1  |e BOA001  |j MZK50  |s A